000 00668nam a2200229Ia 4500
001 14716
003 GE_BSU
008 181216s||||||||xx |||||||||||||| ||und||
040 _cGE_BSU
080 _a624.012(075.32)
100 _aСигалов,Э.Е. Стронгин,С.Г.
245 _aЖелезобетонные конструкции.
245 _cРед. изд-ва И.С.Бородина.
250 _aИзд. 2-е, перераб.
260 _aМ.
260 _bСтройиздат.
260 _c1966.
300 _a427 стр. 22 см.
300 _eТабл.
653 _aЖелезобетонные конструкции.
942 _cBK
999 _c47842
_d47842